[Event "Pszczyna op 4th"]
[Site "Pszczyna"]
[Date "2008.07.16"]
[Round "3"]
[White "Sadowski, Krzysztof"]
[Black "Kawala, Maciej"]
[Result "0-1"]
[WhiteElo "1879"]
[BlackElo "2001"]
[PlyCount "111"]
[EventDate "2008.07.15"]
[EventType "swiss"]
[EventRounds "9"]
[EventCountry "POL"]
[SourceTitle "CBM 125 Extra"]
[Source "ChessBase"]
[SourceDate "2008.09.01"]
[SourceVersion "1"]
[SourceVersionDate "2008.09.01"]
[SourceQuality "1"]

1. d4 d5 2. e4 dxe4 3. Nc3 Nf6 4. f3 exf3 5. Nxf3 Bf5 6. Bd3 Bxd3 7. Qxd3 c6 8. Bg5 Nbd7 9. 0-0-0 e6 10. Ne4 Be7 11. Nxf6+ Nxf6 12. Bxf6 Bxf6 13. h4 Qa5 14. Kb1 0-0-0 15. g4 h6 16. Rhe1 g6 17. Qe4 Qc7 18. Rd3 Rhe8 19. g5 hxg5 20. hxg5 Bg7 21. Ne5 Bxe5 22. dxe5 Rxd3 23. cxd3 Rh8 24. d4 Rh5 25. Qf4 Qe7 26. Rg1 Kd8 27. Kc2 Ke8 28. a3 Qd7 29. Rf1 Rh7 30. Rf2 Qd5 31. b3 a5 32. Rf3 a4 33. Kb2 axb3 34. Rxb3 Qg2+ 35. Kc3 Rh3+ 36. Kb4 Rxb3+ 37. Kxb3 Qh3+ 38. Kb4 Qf5 39. Qc1 Qd3 40. Qc4 Qd2+ 41. Qc3 Qxg5 42. Kc5 Qd8 43. a4 Qc7 44. a5 g5 45. Qd2 g4 46. Qe1 Kd7 47. Kb4 Qd8 48. Qf2 Qe7+ 49. Kc4 Ke8 50. Qg3 Qg5 51. Kc5 Kd7 52. Kb6 Kc8 53. a6 bxa6 54. Kxc6 Qf5 55. Kb6 Qf3 56. Qe1 0-1

[Event "POL-chT4 Slaskie"]
[Site "Poland"]
[Date "2008.02.24"]
[Round "3.11"]
[White "Podmagorski, Krzysztof"]
[Black "Sadowski, Krzysztof"]
[Result "0-1"]
[WhiteElo "1790"]
[BlackElo "1884"]
[PlyCount "64"]
[EventDate "2008.02.10"]
[EventType "team-swiss"]
[EventRounds "9"]
[EventCountry "POL"]
[SourceTitle "EXT 2019"]
[Source "ChessBase"]
[SourceDate "2018.10.10"]
[SourceVersion "1"]
[SourceVersionDate "2018.10.10"]
[SourceQuality "1"]

1. e4 d5 2. exd5 Nf6 3. Nc3 Nxd5 4. Nxd5 Qxd5 5. d4 Nc6 6. Nf3 Bg4 7. Be2 0-0-0 8. c4 Qd6 9. d5 Bxf3 10. Bxf3 Ne5 11. 0-0 Nxc4 12. Qd4 Ne5 13. Bf4 Nxf3+ 14. gxf3 e5 15. Bxe5 Qxd5 16. Qxa7 Qxe5 17. Qa8+ Kd7 18. Qa4+ b5 19. Qa6 Bd6 20. f4 Qd5 21. Qa5 Ra8 22. Qc3 Ra4 23. Rfd1 Qf5 24. Rac1 Rc4 25. Qb3 Rxc1 26. Rxc1 Bxf4 27. Rd1+ Bd6 28. Rd5 Qg4+ 29. Kh1 Qc4 30. Qh3+ Kc6 31. Rd1 Qe4+ 32. Kg1 Re8 0-1